Birds / (Record no. 104577)
[ view plain ]
| 000 -LEADER | |
|---|---|
| fixed length control field | 00343nam a2200133 a 4500 |
| 005 - DATE AND TIME OF LATEST TRANSACTION | |
| control field | 20140412111325.0 |
| 008 - FIXED-LENGTH DATA ELEMENTS--GENERAL INFORMATION | |
| fixed length control field | 110128s19uu xx 00 eng d |
| 020 ## - INTERNATIONAL STANDARD BOOK NUMBER | |
| International Standard Book Number | 0-19-272117-8 |
| 050 ## - LIBRARY OF CONGRESS CALL NUMBER | |
| Classification number | M 598 |
| Item number | W674 1992 |
| 100 ## - MAIN ENTRY--PERSONAL NAME | |
| Personal name | Wildsmith, Brian |
| 245 ## - TITLE STATEMENT | |
| Title | Birds / |
| Statement of responsibility, etc | Brian Wildsmith. |
| 260 ## - PUBLICATION, DISTRIBUTION, ETC. (IMPRINT) | |
| Place of publication, distribution, etc | Hong Kong : |
| Name of publisher, distributor, etc | Oxford, |
| Date of publication, distribution, etc | 1992. |
| Withdrawn status | Lost status | Damaged status | Home library | Current library | Shelving location | Date acquired | Source of acquisition | Total Checkouts | Full call number | Barcode | Date last seen | Price effective from | Koha item type |
|---|---|---|---|---|---|---|---|---|---|---|---|---|---|
| Elizalde Library | Elizalde Library | Main Section | 01/28/2011 | M 598 W674 1992 | E8271 | 04/12/2014 | 04/12/2014 | Books |